[Event "Silvan Cup"]
[Site "Graested"]
[Date "1990.02.09"]
[Round "1"]
[White "Hector, Jonny"]
[Black "Levitt, Jonathan"]
[Result "1/2-1/2"]
[WhiteElo "2465"]
[BlackElo "2465"]
[PlyCount "159"]
[EventDate "1990.02.??"]
[EventType "tourn"]
[EventRounds "9"]
[EventCountry "DEN"]

1. e4 e6 2. d4 d5 3. Nc3 Bb4 4. a3 Bxc3+ 5. bxc3 dxe4 6. Qg4 Nf6 7. Qxg7 Rg8 8.
Qh6 c5 9. Ne2 Rg6 10. Qd2 Bd7 11. dxc5 Nc6 12. Rb1 Qc7 13. Qd6 O-O-O 14. Qxc7+
Kxc7 15. Nd4 a6 16. Bf4+ Kc8 17. Bd6 Nd5 18. Ne2 e5 19. c4 Nf6 20. Nc3 Ne8 21.
Nxe4 f5 22. Nd2 Nxd6 23. cxd6 Rxd6 24. c5 Rd5 25. Nb3 Nd4 26. c4 Nc2+ 27. Ke2
Nxa3 28. cxd5 Nxb1 29. d6 Ba4 30. Na5 Nc3+ 31. Kf3 Ne4 32. Bd3 Nxd6 33. Bb1 Ne4
34. Bxe4 fxe4+ 35. Kxe4 Rd2 36. Kxe5 Rxf2 37. g4 Kc7 38. h4 Bd7 39. Rb1 Bb5 40.
g5 Rf5+ 41. Kxf5 Bd3+ 42. Kf6 Bxb1 43. h5 b5 44. cxb6+ Kxb6 45. Nc4+ Kc5 46.
Nd2 Bc2 47. Ke5 a5 48. Ne4+ Kb4 49. g6 h6 50. Nf6 Bb3 51. Kd6 Kc4 52. Nd7 Kd4
53. g7 Bg8 54. Nc5 Bf7 55. Ke7 Bg8 56. Kf8 Bd5 57. Na4 Ke5 58. Nc3 Bb3 59. Nb5
a4 60. g8=Q Bxg8 61. Kxg8 Kf6 62. Na3 Kg5 63. Kf7 Kxh5 64. Kf6 Kg4 65. Ke5 h5
66. Kd4 h4 67. Nc4 Kf3 68. Ne5+ Kg3 69. Nc4 Kf2 70. Ne5 Kg3 71. Nc4 a3 72. Kc3
Kf3 73. Ne5+ Kg3 74. Nc4 Kf2 75. Ne5 Kg3 76. Nc4 a2 77. Kb2 Kf3 78. Ne5+ Kg3
79. Nc4 Kf3 80. Ne5+ 1/2-1/2

[Event "Silvan Cup"]
[Site "Graested"]
[Date "1990.02.09"]
[Round "1"]
[White "Davies, Nigel"]
[Black "Vasiukov, Evgeni"]
[Result "0-1"]
[WhiteElo "2475"]
[BlackElo "2545"]
[PlyCount "66"]
[EventDate "1990.02.??"]
[EventType "tourn"]
[EventRounds "9"]
[EventCountry "DEN"]

1. Nf3 f5 2. d3 d6 3. e4 e5 4. Nc3 Nf6 5. g3 Be7 6. Bg2 Nc6 7. O-O O-O 8. exf5
Bxf5 9. Nh4 Bg4 10. f3 Be6 11. f4 d5 12. Nf3 e4 13. dxe4 d4 14. Ng5 Bc4 15. Ne2
Bc5 16. Kh1 h6 17. Nh3 Ng4 18. b3 Ba6 19. e5 Qd7 20. c4 Rad8 21. a3 Qf5 22. Ra2
Kh8 23. Qe1 d3 24. Nc3 Nd4 25. b4 Bxc4 26. bxc5 Bxa2 27. Nxa2 Nc2 28. Qe4 d2
29. Qxf5 Rxf5 30. Bxd2 Rxd2 31. Be4 Rh5 32. e6 Rxh3 33. e7 Rdxh2+ 0-1

[Event "Silvan Cup"]
[Site "Graested"]
[Date "1990.02.09"]
[Round "1"]
[White "Berg, Klaus"]
[Black "Mortensen, Erling"]
[Result "1-0"]
[WhiteElo "2410"]
[BlackElo "2480"]
[PlyCount "117"]
[EventDate "1990.02.??"]
[EventType "tourn"]
[EventRounds "9"]
[EventCountry "DEN"]

1. e4 c5 2. Nf3 e6 3. d4 cxd4 4. Nxd4 Nf6 5. Nc3 d6 6. g4 h6 7. h4 Nc6 8. Rg1
h5 9. gxh5 Nxh5 10. Bg5 Nf6 11. Qd2 Qb6 12. Nb3 a6 13. Be2 Qc7 14. O-O-O b5 15.
a3 Bb7 16. h5 Rc8 17. Kb1 Ne5 18. Bxf6 gxf6 19. f4 Nc4 20. Bxc4 bxc4 21. Nd4
Rb8 22. f5 e5 23. Nde2 Rxh5 24. Ng3 Rh3 25. Qg2 Rh4 26. Rh1 Rxh1 27. Rxh1 Qb6
28. Qg1 Qxg1+ 29. Rxg1 Bh6 30. Rh1 Bf8 31. Nf1 d5 32. exd5 Bxa3 33. Rh8+ Bf8
34. Ne3 Rc8 35. Na4 Rd8 36. Nb6 Ke7 37. c3 a5 38. Kc2 Kd6 39. Nbxc4+ Kc5 40.
Nxa5 Bxd5 41. b4+ Kd6 42. Nxd5 Kxd5 43. c4+ Ke4 44. b5 Ke3 45. Rh3+ Ke2 46.
Rh2+ Ke3 47. b6 e4 48. b7 Rb8 49. Rh8 Kf2 50. Rxf8 Rxf8 51. c5 e3 52. Nb3 Rd8
53. Nc1 Rd2+ 54. Kc3 Rd1 55. Nd3+ Rxd3+ 56. Kxd3 e2 57. b8=Q e1=Q 58. Qf4+ Kg2
59. Qe4+ 1-0

[Event "Silvan Cup"]
[Site "Graested"]
[Date "1990.02.09"]
[Round "1"]
[White "Hansen, Lars Bo"]
[Black "Hansen, Curt"]
[Result "1/2-1/2"]
[WhiteElo "2460"]
[BlackElo "2570"]
[PlyCount "50"]
[EventDate "1990.02.??"]
[EventType "tourn"]
[EventRounds "9"]
[EventCountry "DEN"]

1. d4 Nf6 2. c4 e6 3. Nc3 Bb4 4. Qc2 c5 5. dxc5 O-O 6. a3 Bxc5 7. Nf3 b6 8. Bg5
Bb7 9. e3 Be7 10. Be2 d6 11. O-O Nbd7 12. Rfd1 a6 13. b4 Rc8 14. Qb3 Qc7 15.
Rac1 Rfd8 16. Nd2 Ne5 17. Bf4 h6 18. Qb1 Bc6 19. Bxe5 dxe5 20. Nb3 a5 21. Rxd8+
Qxd8 22. Rd1 Qc7 23. Nd2 e4 24. Ncxe4 Nxe4 25. Nxe4 axb4 1/2-1/2

[Event "Silvan Cup"]
[Site "Graested"]
[Date "1990.02.10"]
[Round "2"]
[White "Kuijf, Marinus"]
[Black "Vasiukov, Evgeni"]
[Result "1/2-1/2"]
[WhiteElo "2490"]
[BlackElo "2545"]
[PlyCount "55"]
[EventDate "1990.02.??"]
[EventType "tourn"]
[EventRounds "9"]
[EventCountry "DEN"]

1. d4 f5 2. Nf3 Nf6 3. Nc3 d5 4. Bf4 c6 5. e3 e6 6. Bd3 Be7 7. Ne5 O-O 8. Qe2
Nbd7 9. h3 Ne4 10. Bxe4 fxe4 11. O-O Nxe5 12. Bxe5 Bd6 13. Bxd6 Qxd6 14. f3
exf3 15. Rxf3 Bd7 16. Raf1 Rxf3 17. Qxf3 Be8 18. Ne2 Bg6 19. c3 e5 20. Ng3 Qe7
21. Qg4 Re8 22. Kh2 Qe6 23. Qxe6+ Rxe6 24. Kg1 h6 25. Kf2 Bd3 26. Rd1 Bg6 27.
Rf1 Bd3 28. Rd1 1/2-1/2

[Event "Silvan Cup"]
[Site "Graested"]
[Date "1990.02.10"]
[Round "2"]
[White "Mortensen, Erling"]
[Black "Davies, Nigel"]
[Result "1-0"]
[WhiteElo "2480"]
[BlackElo "2475"]
[PlyCount "117"]
[EventDate "1990.02.??"]
[EventType "tourn"]
[EventRounds "9"]
[EventCountry "DEN"]

1. e4 d6 2. d4 g6 3. f4 Bg7 4. Nc3 Nc6 5. Be3 Nf6 6. Nf3 O-O 7. e5 dxe5 8. dxe5
Ng4 9. Bg1 Qxd1+ 10. Rxd1 f6 11. Bc4+ Kh8 12. h3 Nh6 13. Bh2 fxe5 14. fxe5 Bxh3
15. O-O Bg4 16. Rde1 Bxf3 17. Rxf3 Ng4 18. Bd5 Nxh2 19. Kxh2 Bxe5+ 20. Kh3 Bd6
21. Nb5 Ne5 22. Rxf8+ Rxf8 23. Bxb7 Rb8 24. Nxd6 exd6 25. Bd5 Rxb2 26. Bb3 c5
27. Re4 c4 28. Bxc4 Rxc2 29. Bb3 Rc3+ 30. g3 Rc6 31. Ra4 a6 32. Rb4 h5 33. Rb7
Rc3 34. a4 g5 35. Kg2 Rd3 36. Be6 Rd2+ 37. Kf1 Rd4 38. Bb3 g4 39. a5 Nf3 40.
Kf2 Ne5 41. Ke3 Rd3+ 42. Kf4 h4 43. Kg5 h3 44. Kh6 Rxb3 45. Rxb3 Kg8 46. Kg5
Nf3+ 47. Kg6 Kf8 48. Rb8+ Ke7 49. Kf5 Ne5 50. Rb7+ Kd8 51. Rh7 Kc8 52. Ke6 Nc4
53. Kd5 Nd2 54. Rh4 Nf1 55. Kc6 Kb8 56. Rxg4 h2 57. Rh4 d5 58. g4 d4 59. g5 1-0

[Event "Silvan Cup"]
[Site "Graested"]
[Date "1990.02.10"]
[Round "2"]
[White "Levitt, Jonathan"]
[Black "Hansen, Lars Bo"]
[Result "1/2-1/2"]
[WhiteElo "2465"]
[BlackElo "2460"]
[PlyCount "33"]
[EventDate "1990.02.??"]
[EventType "tourn"]
[EventRounds "9"]
[EventCountry "DEN"]

1. d4 e6 2. c4 f5 3. Nf3 Nf6 4. g3 d5 5. Bg2 c6 6. O-O Bd6 7. Bf4 Bxf4 8. gxf4
O-O 9. Nbd2 Bd7 10. Qb3 Qc8 11. Ne5 Be8 12. Kh1 Bh5 13. f3 Nbd7 14. Rac1 Kh8
15. e4 dxe4 16. fxe4 Nxe5 17. dxe5 1/2-1/2

[Event "Silvan Cup"]
[Site "Graested"]
[Date "1990.02.11"]
[Round "3"]
[White "Vasiukov, Evgeni"]
[Black "Mortensen, Erling"]
[Result "1-0"]
[WhiteElo "2545"]
[BlackElo "2480"]
[PlyCount "79"]
[EventDate "1990.02.??"]
[EventType "tourn"]
[EventRounds "9"]
[EventCountry "DEN"]

1. e4 c5 2. c3 e5 3. Nf3 Nc6 4. Bb5 Nf6 5. d3 d6 6. Nbd2 Be7 7. O-O O-O 8. Re1
Ne8 9. Nf1 Nc7 10. Ba4 Bf6 11. Ng3 g6 12. Bh6 Re8 13. h3 b5 14. Bc2 Rb8 15. a3
Ne6 16. Qd2 Bg7 17. Bb3 Bxh6 18. Qxh6 Qf6 19. Bd5 Ne7 20. Bxe6 Bxe6 21. Nh5 Qh8
22. Qg5 h6 23. Nf6+ Kf8 24. Qh4 Red8 25. Ng5 Bb3 26. f4 exf4 27. Ngh7+ Kg7 28.
Qxf4 Ng8 29. Rf1 Nxf6 30. Nxf6 h5 31. h4 Qh6 32. Qg3 Be6 33. Rf3 Rh8 34. Raf1
a5 35. Qf2 Rbc8 36. Rg3 b4 37. axb4 axb4 38. cxb4 cxb4 39. Rg5 d5 40. Qf4 1-0

[Event "Silvan Cup"]
[Site "Graested"]
[Date "1990.02.11"]
[Round "3"]
[White "Berg, Klaus"]
[Black "Levitt, Jonathan"]
[Result "1/2-1/2"]
[WhiteElo "2410"]
[BlackElo "2465"]
[PlyCount "33"]
[EventDate "1990.02.??"]
[EventType "tourn"]
[EventRounds "9"]
[EventCountry "DEN"]

1. d4 d5 2. Nf3 Nf6 3. c4 c6 4. cxd5 cxd5 5. Nc3 Nc6 6. Bf4 e6 7. e3 Bd6 8. Bg3
O-O 9. Bd3 a6 10. Rc1 Qc7 11. O-O Bxg3 12. hxg3 b5 13. Nxb5 axb5 14. Bxb5 Qb6
15. Bxc6 Rxa2 16. b4 Qxb4 17. Ra1 1/2-1/2

[Event "Silvan Cup"]
[Site "Graested"]
[Date "1990.02.12"]
[Round "4"]
[White "Hector, Jonny"]
[Black "Hansen, Lars Bo"]
[Result "1/2-1/2"]
[WhiteElo "2465"]
[BlackElo "2460"]
[PlyCount "82"]
[EventDate "1990.02.??"]
[EventType "tourn"]
[EventRounds "9"]
[EventCountry "DEN"]

1. e4 e6 2. d4 d5 3. Nc3 Bb4 4. a3 Bxc3+ 5. bxc3 dxe4 6. Qg4 Nf6 7. Qxg7 Rg8 8.
Qh6 Rg6 9. Qe3 Nc6 10. Bb2 Ne7 11. O-O-O b5 12. Qe1 Qd7 13. f3 Bb7 14. fxe4
Bxe4 15. Nf3 Bxf3 16. gxf3 Ned5 17. c4 bxc4 18. Bxc4 Nb6 19. Bd3 Nfd5 20. Qe5
O-O-O 21. Qe2 Qc6 22. Bxg6 hxg6 23. Qa6+ Kb8 24. Rd3 Qb7 25. Qxb7+ Kxb7 26. Rb3
Kc6 27. h4 a5 28. Kd1 Nc4 29. Bc1 e5 30. Ke2 exd4 31. h5 gxh5 32. Rxh5 f6 33.
Rd3 Ne5 34. Rf5 Nxd3 35. Kxd3 Rd6 36. Bb2 Kb6 37. Bxd4+ c5 38. Kc4 cxd4 39.
Rxd5 Rc6+ 40. Kxd4 Rxc2 41. Rf5 Ra2 1/2-1/2

[Event "Silvan Cup"]
[Site "Graested"]
[Date "1990.02.12"]
[Round "4"]
[White "Levitt, Jonathan"]
[Black "Davies, Nigel"]
[Result "1/2-1/2"]
[WhiteElo "2465"]
[BlackElo "2475"]
[PlyCount "42"]
[EventDate "1990.02.??"]
[EventType "tourn"]
[EventRounds "9"]
[EventCountry "DEN"]

1. d4 d6 2. Nf3 g6 3. c4 Bg7 4. Nc3 Nf6 5. g3 O-O 6. Bg2 c6 7. O-O Bf5 8. Qb3
Qc7 9. Re1 Ne4 10. g4 Nxc3 11. gxf5 Ne4 12. Nh4 Nf6 13. e4 Nbd7 14. f4 e5 15.
fxg6 hxg6 16. dxe5 Qa5 17. Be3 Nc5 18. exf6 Bxf6 19. Qc2 Bxh4 20. Red1 Rad8 21.
Kh1 Rfe8 1/2-1/2

[Event "Silvan Cup"]
[Site "Graested"]
[Date "1990.02.12"]
[Round "4"]
[White "Hansen, Curt"]
[Black "Vasiukov, Evgeni"]
[Result "1/2-1/2"]
[WhiteElo "2570"]
[BlackElo "2545"]
[PlyCount "61"]
[EventDate "1990.02.??"]
[EventType "tourn"]
[EventRounds "9"]
[EventCountry "DEN"]

1. d4 f5 2. g3 Nf6 3. Bg2 d6 4. Nf3 g6 5. O-O Bg7 6. c4 O-O 7. Nc3 Na6 8. Rb1
c6 9. b4 Ne4 10. Nxe4 fxe4 11. Ng5 d5 12. cxd5 cxd5 13. Qb3 Kh8 14. Be3 Nc7 15.
f3 h6 16. Nh3 exf3 17. exf3 g5 18. Rbc1 Nb5 19. Rcd1 Qb6 20. Kh1 Be6 21. Rfe1
Rac8 22. a4 Nd6 23. Bg1 Nf5 24. f4 g4 25. Nf2 Nxd4 26. Qe3 Bf5 27. Nxg4 Nc2 28.
Qxe7 Qd8 29. Nf2 Nxe1 30. Qxe1 Re8 31. Qf1 1/2-1/2

[Event "Silvan Cup"]
[Site "Graested"]
[Date "1990.02.13"]
[Round "5"]
[White "Berg, Klaus"]
[Black "Hector, Jonny"]
[Result "1-0"]
[WhiteElo "2410"]
[BlackElo "2465"]
[PlyCount "55"]
[EventDate "1990.02.??"]
[EventType "tourn"]
[EventRounds "9"]
[EventCountry "DEN"]

1. c4 e6 2. Nc3 d5 3. d4 Nf6 4. cxd5 exd5 5. Bg5 Nbd7 6. e3 Be7 7. Bd3 O-O 8.
Nge2 Re8 9. O-O Nf8 10. Qc2 Be6 11. Nf4 Rc8 12. Qb3 c5 13. Bb5 cxd4 14. Bxe8
dxc3 15. Ba4 Rc4 16. bxc3 Ne4 17. Bxe7 Qxe7 18. Bb5 Rxc3 19. Qb2 a6 20. Bd3 Rc6
21. Rac1 Nc5 22. Be2 Nfd7 23. Rfd1 Nb6 24. Bf3 Nca4 25. Qe5 Nc4 26. Nxd5 Qd8
27. Qd4 Nab2 28. Nf6+ 1-0

[Event "Silvan Cup"]
[Site "Graested"]
[Date "1990.02.13"]
[Round "5"]
[White "Davies, Nigel"]
[Black "Larsen, Bent"]
[Result "1/2-1/2"]
[WhiteElo "2475"]
[BlackElo "2550"]
[PlyCount "145"]
[EventDate "1990.02.??"]
[EventType "tourn"]
[EventRounds "9"]
[EventCountry "DEN"]

1. e4 c5 2. d3 Nc6 3. g3 d5 4. exd5 Qxd5 5. Nf3 Bg4 6. Bg2 Nf6 7. Nc3 Qd7 8. h3
Bxf3 9. Qxf3 Nd4 10. Qd1 e6 11. O-O Be7 12. Ne4 Nd5 13. c3 Nc6 14. a4 O-O 15.
a5 Rfd8 16. Qa4 Rab8 17. Rd1 h6 18. Nd2 b5 19. axb6 axb6 20. Qb5 Na5 21. Qxd7
Rxd7 22. Nc4 Nb3 23. Ra6 Nxc1 24. Rxc1 Bg5 25. Rca1 b5 26. Ne5 Rc7 27. Ra8 Rxa8
28. Rxa8+ Kh7 29. Rb8 b4 30. c4 Bf6 31. Be4+ g6 32. Ng4 h5 33. cxd5 hxg4 34.
dxe6 Bxb2 35. exf7 Rxf7 36. Bd5 Rf6 37. Rb7+ Kh8 38. hxg4 Bd4 39. Rf7 Bxf2+ 40.
Kg2 Rd6 41. Bc4 Bd4 42. Rb7 Rf6 43. Rf7 Rb6 44. Bb3 Rd6 45. Bc4 Be3 46. Rb7 Rf6
47. Rf7 Rb6 48. Bb3 Ra6 49. Bc4 Ra8 50. Re7 Bd4 51. Rb7 Rf8 52. Rf7 Rb8 53. Bb3
Re8 54. Bc4 Re3 55. g5 Re8 56. Kf3 Bg7 57. Rb7 Rf8+ 58. Kg4 Rd8 59. Rb5 Bf8 60.
Rb6 Bd6 61. Rb7 Be5 62. Re7 Bd4 63. Rb7 Be3 64. Re7 Rd4+ 65. Re4 Rxe4+ 66. dxe4
Kg7 67. e5 Kf8 68. Kf3 Bxg5 69. Ke4 Ke7 70. Kd5 Be3 71. Bb3 Bf2 72. g4 g5 73.
Ba4 1/2-1/2

[Event "Silvan Cup"]
[Site "Graested"]
[Date "1990.02.13"]
[Round "5"]
[White "Vasiukov, Evgeni"]
[Black "Levitt, Jonathan"]
[Result "1/2-1/2"]
[WhiteElo "2545"]
[BlackElo "2465"]
[PlyCount "137"]
[EventDate "1990.02.??"]
[EventType "tourn"]
[EventRounds "9"]
[EventCountry "DEN"]

1. e4 e6 2. d4 d5 3. e5 c5 4. c3 Nc6 5. Nf3 Bd7 6. Be2 Nge7 7. O-O Nf5 8. Bd3
Nh4 9. Nxh4 Qxh4 10. Be3 Qd8 11. Nd2 Qb6 12. Nf3 c4 13. Bc2 Qxb2 14. Qd2 Qb6
15. Ng5 h6 16. Nh3 O-O-O 17. Nf4 Be7 18. Nh5 Rdg8 19. Rfb1 Qd8 20. a4 Na5 21.
Qd1 g6 22. Nf4 h5 23. Bc1 Kb8 24. Ba3 Bxa3 25. Rxa3 Qe7 26. Ra2 Rc8 27. Qf3
Rhd8 28. Rab2 Be8 29. g3 Rc6 30. h4 Ra6 31. Nh3 Rc8 32. Ng5 Rc7 33. Kh2 Nb3 34.
Bxb3 cxb3 35. Rxb3 Rxa4 36. Qe2 Ra3 37. Qb2 Rxb3 38. Qxb3 Rc6 39. Re1 a5 40.
Ra1 Ra6 41. Ra3 Bc6 42. f3 Kc7 43. Qa2 b6 44. Nh7 Bb5 45. Nf6 Bc4 46. Qa1 Kb7
47. g4 Ra8 48. Kg3 Rh8 49. Qb2 Ka6 50. Qc1 hxg4 51. fxg4 Qf8 52. Ra1 Qh6 53.
Qxh6 Rxh6 54. h5 g5 55. Kf3 b5 56. Ke3 a4 57. Ne8 Ka5 58. Nd6 Rh7 59. Kd2 Kb6
60. Rh1 Kc6 61. h6 a3 62. Kc2 Kb6 63. Kb1 Kc7 64. Nxc4 bxc4 65. Ka2 f6 66. Kxa3
fxe5 67. dxe5 Kd7 68. Rh5 Kc6 69. Kb4 1/2-1/2

[Event "Silvan Cup"]
[Site "Graested"]
[Date "1990.02.13"]
[Round "5"]
[White "Mortensen, Erling"]
[Black "Hansen, Curt"]
[Result "1-0"]
[WhiteElo "2480"]
[BlackElo "2570"]
[PlyCount "93"]
[EventDate "1990.02.??"]
[EventType "tourn"]
[EventRounds "9"]
[EventCountry "DEN"]

1. e4 d5 2. exd5 Qxd5 3. Nc3 Qa5 4. Bc4 Nf6 5. d3 c6 6. Bd2 Bf5 7. Nd5 Qd8 8.
Nxf6+ gxf6 9. Ne2 Nd7 10. Ng3 Bg6 11. f4 f5 12. Bc3 Rg8 13. h4 h6 14. Qf3 e6
15. O-O-O Qc7 16. Ne2 O-O-O 17. g3 Bd6 18. a4 Rge8 19. a5 a6 20. Kb1 Be7 21. h5
Bh7 22. Nc1 Nf6 23. Nb3 Nd5 24. Be5 Bd6 25. Rhe1 f6 26. Bxd6 Rxd6 27. d4 Bg8
28. Rd3 Bf7 29. g4 fxg4 30. Qxg4 Rdd8 31. Rf3 Kb8 32. Qh4 Qe7 33. Nc5 Nc7 34.
c3 Nd5 35. Rg3 Rg8 36. Rxg8 Bxg8 37. Kc1 Qd6 38. Bxd5 exd5 39. Rg1 Bf7 40. Rg7
Qe7 41. f5 Ka7 42. Qg3 Re8 43. Ne6 Qd7 44. Qh4 Rxe6 45. fxe6 Qxe6 46. Kd2 f5
47. Qe1 1-0

[Event "Silvan Cup"]
[Site "Graested"]
[Date "1990.02.14"]
[Round "6"]
[White "Levitt, Jonathan"]
[Black "Mortensen, Erling"]
[Result "0-1"]
[WhiteElo "2465"]
[BlackElo "2480"]
[PlyCount "75"]
[EventDate "1990.02.??"]
[EventType "tourn"]
[EventRounds "9"]
[EventCountry "DEN"]

1. d4 Nf6 2. c4 g6 3. Nc3 Bg7 4. Bf4 d6 5. e3 O-O 6. Nf3 Nh5 7. Bg5 h6 8. Bh4
g5 9. Nd2 Nf6 10. Bg3 Nc6 11. h4 g4 12. h5 Nh7 13. d5 Ne5 14. f4 gxf3 15. gxf3
c6 16. Qc2 cxd5 17. cxd5 Bd7 18. Bxe5 Bxe5 19. Bd3 f5 20. Nc4 Bg7 21. a4 Rc8
22. Kf2 Ng5 23. f4 Nh7 24. b3 e5 25. dxe6 Bxe6 26. Rag1 d5 27. Rxg7+ Kxg7 28.
Rg1+ Ng5 29. fxg5 dxc4 30. gxh6+ Kh8 31. bxc4 Qh4+ 32. Rg3 f4 33. exf4 Rxf4+
34. Kg2 Rg4 35. Ne2 Rxg3+ 36. Nxg3 Bd5+ 37. Kf1 Qf4+ 38. Ke2 0-1

[Event "Silvan Cup"]
[Site "Graested"]
[Date "1990.02.14"]
[Round "6"]
[White "Larsen, Bent"]
[Black "Vasiukov, Evgeni"]
[Result "0-1"]
[WhiteElo "2550"]
[BlackElo "2545"]
[PlyCount "140"]
[EventDate "1990.02.??"]
[EventType "tourn"]
[EventRounds "9"]
[EventCountry "DEN"]

1. d4 f5 2. g3 Nf6 3. Bg2 d6 4. Nf3 g6 5. O-O Bg7 6. c4 O-O 7. Nc3 Qe8 8. d5
Na6 9. Be3 h6 10. Qc1 Kh7 11. Rb1 e5 12. dxe6 Bxe6 13. Nd4 c6 14. Nxe6 Qxe6 15.
b3 Nc5 16. Qc2 Nfe4 17. Nxe4 Nxe4 18. Rbd1 h5 19. Bd4 Bh6 20. Qd3 Rfd8 21. Be3
Bg7 22. Bd4 Bh6 23. Qc2 Rd7 24. a4 a5 25. Rfe1 d5 26. cxd5 Rxd5 27. Ba1 Rad8
28. Rd3 Bg7 29. Bxg7 Kxg7 30. Re3 Rd2 31. Qb1 R8d4 32. Qa1 Kh7 33. Bxe4 Rxe4
34. Qc3 Rxe3 35. Qxd2 Re5 36. h4 Rd5 37. Qc2 f4 38. Qc3 fxg3 39. Qxg3 Re5 40.
e3 Qe7 41. Rd1 Re4 42. Rd4 Rxd4 43. exd4 Qe1+ 44. Kh2 Qe4 45. Qb8 Qxh4+ 46. Kg2
Qg4+ 47. Kf1 Qh3+ 48. Kg1 Qxb3 49. Qc7+ Kh6 50. Qf4+ Kg7 51. Qe5+ Kf7 52. Qc7+
Ke8 53. Qc8+ Ke7 54. Qc7+ Ke6 55. Qc8+ Ke7 56. Qc7+ Ke6 57. Qc8+ Kf6 58. Qd8+
Kg7 59. Qc7+ Qf7 60. Qxa5 Qe7 61. Qc3 Kh6 62. Kf1 h4 63. Qf3 Qe6 64. Qf8+ Kh5
65. Qg7 Kg4 66. Qxb7 Kf3 67. Qb2 Qh3+ 68. Ke1 Qh1+ 69. Kd2 Qg2 70. Kc3 h3 0-1

[Event "Silvan Cup"]
[Site "Graested"]
[Date "1990.02.16"]
[Round "7"]
[White "Hansen, Curt"]
[Black "Levitt, Jonathan"]
[Result "1/2-1/2"]
[WhiteElo "2570"]
[BlackElo "2465"]
[PlyCount "50"]
[EventDate "1990.02.??"]
[EventType "tourn"]
[EventRounds "9"]
[EventCountry "DEN"]

1. c4 Nf6 2. Nc3 e6 3. d4 Bb4 4. Qc2 O-O 5. a3 Bxc3+ 6. Qxc3 b6 7. Bg5 Bb7 8.
Nh3 h6 9. Bh4 g5 10. Bg3 Ne4 11. Qc2 f5 12. f3 Nxg3 13. hxg3 Qf6 14. O-O-O d6
15. e3 Nd7 16. g4 Rae8 17. Nf2 f4 18. exf4 Qxf4+ 19. Kb1 Kg7 20. Bd3 Nf6 21.
Bg6 Re7 22. Bh5 Nxh5 23. Rxh5 Rh8 24. Rhh1 Bc6 25. Qc3 Be8 1/2-1/2

[Event "Silvan Cup"]
[Site "Graested"]
[Date "1990.02.16"]
[Round "7"]
[White "Vasiukov, Evgeni"]
[Black "Hector, Jonny"]
[Result "1/2-1/2"]
[WhiteElo "2545"]
[BlackElo "2465"]
[PlyCount "120"]
[EventDate "1990.02.??"]
[EventType "tourn"]
[EventRounds "9"]
[EventCountry "DEN"]

1. e4 e5 2. Nf3 Nc6 3. Bc4 Nf6 4. d3 Bc5 5. c3 a6 6. O-O Ba7 7. Be3 d6 8. Nbd2
Na5 9. Qa4+ Nc6 10. Qd1 Na5 11. Bd5 c6 12. Bxf7+ Kxf7 13. b4 c5 14. bxa5 Qxa5
15. Nc4 Qc7 16. Qb3 Ke7 17. a4 b6 18. Nh4 Rd8 19. f4 Be6 20. Nf5+ Kf8 21. fxe5
dxe5 22. Bg5 Rxd3 23. Nxg7 Kxg7 24. Bxf6+ Kg8 25. Rad1 Qd7 26. Nxe5 Bxb3 27.
Rxd3 Qxd3 28. Nxd3 b5 29. Ne5 bxa4 30. Rf3 Be6 31. c4 Bb8 32. Rg3+ Kf8 33. Ra3
a5 34. Rxa4 Ra6 35. g4 Bc8 36. g5 Rxf6 37. gxf6 Bxe5 38. Rxa5 Be6 39. Kg2 Bd4
40. e5 Bxc4 41. Kf3 Bb3 42. Ke4 Bc2+ 43. Kf4 c4 44. Rd5 Bb2 45. Rd8+ Kf7 46.
Rd7+ Ke6 47. Re7+ Kd5 48. f7 Bc1+ 49. Kf3 Bh6 50. Re8 c3 51. f8=Q Be4+ 52. Ke2
Bxf8 53. Rxf8 Kxe5 54. Ke3 Bg6 55. Rc8 c2 56. Rc5+ Kd6 57. Kd4 Ke6 58. Rc6+ Kd7
59. Rc3 Ke6 60. Rc6+ Kd7 1/2-1/2

[Event "Silvan Cup"]
[Site "Graested"]
[Date "1990.02.16"]
[Round "7"]
[White "Berg, Klaus"]
[Black "Kuijf, Marinus"]
[Result "0-1"]
[WhiteElo "2410"]
[BlackElo "2490"]
[PlyCount "210"]
[EventDate "1990.02.??"]
[EventType "tourn"]
[EventRounds "9"]
[EventCountry "DEN"]

1. c4 e6 2. Nc3 d5 3. d4 c6 4. cxd5 cxd5 5. Nf3 Nc6 6. Bf4 Nf6 7. e3 Be7 8. h3
Bd6 9. Bxd6 Qxd6 10. Rc1 O-O 11. Bd3 Bd7 12. O-O Rad8 13. a3 a6 14. b4 e5 15.
dxe5 Nxe5 16. Be2 Bc6 17. Qd4 Ng6 18. Rfd1 Rfe8 19. a4 Bd7 20. e4 Bxa4 21. Nxa4
Rxe4 22. Qd2 Rxb4 23. Nc5 Qb6 24. Nd3 Rb3 25. Qc2 Ne4 26. Rb1 Rb5 27. Rxb5 Qxb5
28. Nde5 Qb6 29. Bd3 Nc5 30. Bxg6 hxg6 31. Ng5 d4 32. Nexf7 Rf8 33. Qc4 Qb3 34.
Nh6+ Kh8 35. Nhf7+ Kg8 36. Qxb3 Nxb3 37. Rd3 Nc1 38. Rd1 Nb3 39. Ne5 a5 40. Nc4
b5 41. Nd6 b4 42. Nf3 Rd8 43. Nc4 a4 44. Nfe5 Rb8 45. Nc6 Rb5 46. Re1 d3 47.
Kf1 Kh7 48. Re4 g5 49. Re8 a3 50. Ra8 Nc1 51. Ke1 Nb3 52. Kd1 d2 53. Ra4 Rc5
54. N6a5 Nxa5 55. Nxa5 Rc1+ 56. Kxd2 Rb1 57. Nc6 Rb2+ 58. Ke3 Rb3+ 59. Kd2 Rb2+
60. Ke3 Rb3+ 61. Kd2 Rb2+ 62. Ke1 a2 63. Nxb4 Rb1+ 64. Ke2 a1=Q 65. Rxa1 Rxa1
66. Nd5 Kg6 67. Kf3 Ra3+ 68. Ne3 Ra2 69. Kg3 Kf6 70. Ng4+ Kf5 71. Kf3 Ra4 72.
Ne3+ Ke5 73. Kg3 Rf4 74. Nf1 Ra4 75. Ne3 Ke4 76. Kg4 Ra2 77. Kxg5 Rxf2 78. Ng4
Rxg2 79. Kg6 Rg3 80. Kxg7 Kf5 81. Kf7 Rxh3 82. Nf6 Rh6 83. Ne8 Rh7+ 84. Kf8 Ke6
85. Ng7+ Kf6 86. Ne8+ Kg6 87. Nd6 Rd7 88. Ne8 Rf7+ 89. Kg8 Rf1 90. Nd6 Kf6 91.
Ne8+ Ke7 92. Ng7 Rf7 93. Kh8 Rf8+ 94. Kh7 Kf6 95. Nh5+ Kg5 96. Ng7 Ra8 97. Ne6+
Kf5 98. Ng7+ Kf6 99. Nh5+ Kg5 100. Ng7 Ra5 101. Kg8 Kf6 102. Ne8+ Ke7 103. Ng7
Rg5 104. Kh7 Kf7 105. Kh8 Rg1 0-1

[Event "Silvan Cup"]
[Site "Graested"]
[Date "1990.02.16"]
[Round "7"]
[White "Davies, Nigel"]
[Black "Hansen, Lars Bo"]
[Result "1-0"]
[WhiteElo "2475"]
[BlackElo "2460"]
[PlyCount "121"]
[EventDate "1990.02.??"]
[EventType "tourn"]
[EventRounds "9"]
[EventCountry "DEN"]

1. e4 e6 2. d3 d5 3. Nd2 c5 4. g3 Nc6 5. Bg2 Nf6 6. Ngf3 Be7 7. O-O O-O 8. Re1
Qc7 9. e5 Nd7 10. Qe2 b5 11. Nf1 a5 12. Bf4 Ba6 13. h4 Rfc8 14. h5 h6 15. Ne3
Qd8 16. Bh3 Nb6 17. Ng4 Bf8 18. c3 Nd7 19. Rac1 a4 20. Qd2 Kh7 21. Bf1 Na5 22.
d4 Nc4 23. Bd3+ Kh8 24. Qe2 Be7 25. Nh4 a3 26. b4 cxb4 27. cxb4 Bg5 28. Bxg5
Qxg5 29. f4 Qe7 30. f5 Qg5 31. fxe6 fxe6 32. Ng6+ Kg8 33. Nf4 Nf8 34. Bb1 Ra7
35. Kg2 Rf7 36. Nf2 Rcc7 37. N2d3 Bc8 38. Rf1 Rce7 39. Rf3 Rc7 40. Rcf1 Ra7 41.
Nc5 Qg4 42. Qd3 Rae7 43. R1f2 Bd7 44. Nb7 Re8 45. Qe2 Bc6 46. Nc5 Ree7 47. Bg6
Be8 48. Bxf7+ Bxf7 49. Nxd5 exd5 50. Rxf7 Rxf7 51. Qxg4 Ne3+ 52. Kh3 Rxf2 53.
Qc8 Rxa2 54. e6 Ra1 55. g4 Rh1+ 56. Kg3 Re1 57. Nd7 a2 58. Nxf8 g5 59. Ng6+ Kg7
60. Qd7+ Kf6 61. Qf7# 1-0

[Event "Silvan Cup"]
[Site "Graested"]
[Date "1990.02.17"]
[Round "8"]
[White "Hansen, Lars Bo"]
[Black "Vasiukov, Evgeni"]
[Result "1-0"]
[WhiteElo "2460"]
[BlackElo "2545"]
[PlyCount "125"]
[EventDate "1990.02.??"]
[EventType "tourn"]
[EventRounds "9"]
[EventCountry "DEN"]

1. d4 f5 2. Nf3 Nf6 3. Bf4 d6 4. h3 g6 5. e3 Bg7 6. Bc4 e6 7. Nbd2 Nc6 8. c3
Qe7 9. Bh2 Bd7 10. Be2 O-O 11. O-O Kh8 12. a4 Rg8 13. Qc2 Bh6 14. e4 e5 15.
dxe5 Nxe5 16. Bxe5 dxe5 17. Rfe1 Rad8 18. Bc4 Rg7 19. Rad1 Qe8 20. exf5 Bxf5
21. Qb3 e4 22. Nf1 Rxd1 23. Qxd1 Rd7 24. Qb3 Re7 25. Nd4 e3 26. Nxe3 Bxe3 27.
fxe3 Rxe3 28. Rf1 Re1 29. Nxf5 gxf5 30. Qxb7 Qe3+ 31. Kh1 Rxf1+ 32. Bxf1 Ne4
33. Qc8+ Kg7 34. Qxc7+ Kh6 35. Kh2 f4 36. Qc6+ Kh5 37. Qe8+ Kh6 38. Qe6+ Kg7
39. Qe7+ Kh6 40. Qe6+ Kg7 41. Qd7+ Kf6 42. Qd4+ Qxd4 43. cxd4 Nd2 44. Bd3 h6
45. b4 Nb3 46. a5 Nxd4 47. b5 Ke5 48. a6 Kd6 49. b6 Nc6 50. bxa7 Nxa7 51. Kg1
Ke5 52. Kf2 Kd4 53. Bb1 Ke5 54. Kf3 Nc6 55. Kg4 Kf6 56. Kxf4 Na7 57. Be4 Ke6
58. g4 Kf6 59. Bd3 Nc6 60. Bb1 Ke6 61. Be4 Na7 62. h4 Nb5 63. g5 1-0